A unified structural representation of (abstract) case and article : evidence from Germanic

Bibliographic Details
Published in:Studies in comparative Germanic syntax, ed. by Hubert Haider, Susan Olsen and Sten Vikner, Dordrecht [etc.], 1995, p. 77-94 (Studies in natural language and linguistic theory)
Main Author: Giusti, Giuliana
Content type: Article
Published: 1995
Source:MPIPL_cat

MARC

LEADER 00000naa a2200000 u 4500
001 PL0064570
003 PLI01000000000000000062768
005 00000000000000.0
008 ||| u
100 1 |a Giusti, Giuliana 
245 0 2 |a A unified structural representation of (abstract) case and article  |b evidence from Germanic  |c Giuliana Giusti 
260 |c 1995 
773 0 8 |t Studies in comparative Germanic syntax  |a ed. by Hubert Haider, Susan Olsen and Sten Vikner  |d Dordrecht [etc.], 1995  |g p. 77-94  |k Studies in natural language and linguistic theory  |w MPIPL_cat.PL0063202  |z 0-7923-3280-6  |i In: 
952 |j 1995  |h p. 77-94 
996 |a Aufsatz 
997 |a book chapter